New horizons: an anthology of short poems for senior students
Saved in:
| Hovedforfatter: | |
|---|---|
| Format: | Bog |
| Sprog: | engelsk |
| Udgivet: |
Toronto
McClelland & Stewart
1954
|
| Fag: | |
| Tags: |
Tilføj Tag
Ingen Tags, Vær først til at tagge denne postø!
|
MARC
| LEADER | 00000nam a2200000 a 4500 | ||
|---|---|---|---|
| 001 | UCQ3604 | ||
| 003 | CL-VaPUC | ||
| 008 | 980821e19540000CN |||||||||||||||||eng|d | ||
| 082 | 0 | 4 | |a 807 |b DIL |2 21 |
| 100 | 0 | |a Diltz, Bert Case |e author |9 417841 | |
| 245 | 1 | 0 | |a New horizons: an anthology of short poems for senior students |
| 300 | |a 326 p | ||
| 942 | |c BK | ||
| 945 | |d 19980821 00:00:00 |a crobeson | ||
| 260 | |a Toronto |b McClelland & Stewart |c 1954 | ||
| 650 | 0 | |a Poemas |9 372646 | |
| 650 | 0 | |a Literatura |9 259151 | |
| 650 | 0 | |a Inglés |9 260023 | |
| 650 | 0 | |a Enseñanza de idiomas |9 339820 | |
| 650 | 0 | |a Educación lingüística |9 306506 | |
| 583 | |a last modification |c 19980821 00:00:00 |k Rodrigo Vera | ||
| 999 | |c 274124 |d 274122 | ||
| 952 | |0 0 |1 0 |4 0 |6 807_000000000000000_DIL_1954 |7 0 |8 A |9 310206 |a BIBEDU |b BIBEDU |d 2019-11-20 |i 1456059 |o 807 DIL 1954 |p 1456059 |r 2019-11-20 |w 2019-11-20 |y BK |k LIT | ||